Central Library OPAC University of Rajshahi

ছহি বড় রহমতে আলম, বা, হজরত মোহাম্মদ মোস্তফার (দঃ) জীবন কথা / (Record no. 46968)

MARC details
000 -LEADER
fixed length control field 01269nam a2200289 4500
001 - CONTROL NUMBER
control field 46968
003 - CONTROL NUMBER IDENTIFIER
rucl marc code BD-RjUL
005 - DATE AND TIME OF LATEST TRANSACTION
control field 20211209054235.0
008 - FIXED-LENGTH DATA ELEMENTS--GENERAL INFORMATION
fixed length control field 160806s1965 pk ||||| |||| 00| 0 ben d
020 ## - INTERNATIONAL STANDARD BOOK NUMBER
Terms of availability : PRs 4.00
035 ## - SYSTEM CONTROL NUMBER
System control number (BD-RjUL)47087
040 ## - CATALOGING SOURCE
Original cataloging agency BD-RjUL
Language of cataloging ben
Transcribing agency BD-RjUL
041 ## - LANGUAGE CODE
Language code of text/sound track or separate title ben
082 ## - DEWEY DECIMAL CLASSIFICATION NUMBER
Edition number 23
Classification number 891.441029763
Author mark and year SAH 1965
110 1# - MAIN ENTRY--CORPORATE NAME
Corporate name or jurisdiction name as entry element ইসলামিক একাডেমী, ঢাকা
9 (RLIN) 238704
245 10 - TITLE STATEMENT
Title ছহি বড় রহমতে আলম, বা, হজরত মোহাম্মদ মোস্তফার (দঃ) জীবন কথা /
Statement of responsibility, etc. ইসলামিক একাডেমী, ঢাকা
250 ## - EDITION STATEMENT
Edition statement ১ম সং.
260 ## - PUBLICATION, DISTRIBUTION, ETC. (IMPRINT)
Place of publication, distribution, etc. ঢাকা :
Name of publisher, distributor, etc. ইসলামিক একাডেমী,
Date of publication, distribution, etc. ১৯৬৫
300 ## - PHYSICAL DESCRIPTION
Pagination [৮], ২১৪ পৃ. ;
Size ২৪ সেমি.
600 ## - SUBJECT ADDED ENTRY--PERSONAL NAME
Personal name হযরত মুহাম্মদ (সঃ),
Dates associated with a name ৫৭০-৬৩২
General subdivision জীবনী
Personal name Hazarat Muhammad (sm:),
Dates associated with a name 570-632
General subdivision Biography
650 ## - SUBJECT ADDED ENTRY--TOPICAL TERM
Topical term or geographic name as entry element বাংলা কবিতা
9 (RLIN) 238707
Topical term or geographic name as entry element Bengali Poetry
9 (RLIN) 238708
Topical term or geographic name as entry element বাংল পুঁথি-সাহিত্য
9 (RLIN) 146860
Topical term or geographic name as entry element Bengali Booklet-Literature
9 (RLIN) 238709
942 ## - ADDED ENTRY ELEMENTS (KOHA)
Source of classification or shelving scheme Dewey Decimal Classification
Koha item type Books
Holdings
Lost status Source of classification or shelving scheme Damaged status Not for loan Collection code Permanent Location Current Location Shelving location Date acquired Source of acquisition Cost, normal purchase price Total Checkouts Full call number Date last seen Copy number Koha item type
  Dewey Decimal Classification     Non-fiction Central Library, University of Rajshahi Central Library, University of Rajshahi   22/02/1967 Newman 4.00   B 891.441029763 SAH 1965 06/08/2016 C-2 Books
  Dewey Decimal Classification   Not For Loan Rare Books Central Library, University of Rajshahi Central Library, University of Rajshahi Rare Book Section 22/02/1967 Nawrose Kitabistan, Daaca 4.00   BRA 891.441029763 SAH 1965 03/02/2020 C-1 Rare Books